| 000 | 00636nam a22001937a 4500 | ||
|---|---|---|---|
| 005 | 20230317020627.0 | ||
| 008 | 230317b |||||||| |||| 00| 0 eng d | ||
| 020 | _a971-574-061-8 | ||
| 082 | _aFil. 570 R288 2003 | ||
| 100 |
_aRealuyo, Zenaida M. _eauthor |
||
| 245 |
_aBasic concepts of biological science / _cZenaida M. Realuyo, Virginia S. Cariño |
||
| 250 | _a3rd ed. | ||
| 260 |
_aMakati City: _bKatha Publishing, _cc2003. |
||
| 300 |
_axiv, 245p.; _bill. |
||
| 504 | _aIncludes bibliographical references and index | ||
| 541 | _e1613 c.1, 1614 c.2, 1615 c.3 | ||
| 650 | _aBiology | ||
| 700 |
_aCariño, Virginia S. _eauthor |
||
| 999 |
_c1886 _d1886 |
||